| 000 -ლიდერი |
| ფიქსირებული სიგრძის საკონტროლო ველი |
01719nam a22002417a 4500 |
| 003 - საკონტროლო ნომრის იდენტიფიკატორი |
| საკონტროლო ველი |
Ge_BSU |
| 005 - ბოლო ოპერაციის თარიღი და დრო |
| საკონტროლო ველი |
20220701134854.0 |
| 008 - ფიქსირებული სიგრძის მონაცემთა ელემენტები - ზოგადი ინფორმაცია |
| ფიქსირებული სიგრძის საკონტროლო ველი |
220701s2010ge xxu||||| |||| 00| 0 geo d |
| 020 ## - წიგნის საერთაშორისო სტანდარტული ნომერი |
| International Standard Book Number |
9789941820090 |
| 041 ## - ენის კოდი |
| Language code of text/sound track or separate title |
geo |
| 080 ## - უნივერსალური ათობითი კლასიფიკაციის ინდექსი |
| Universal Decimal Classification number |
502(062.552)+378.1(063) ს-15 |
| 245 ## - ცნობა სათაურის შესახებ |
| Title |
საერთაშორისო სამეცნიერო - ტექნიკური კონფერენცია= International Scientific Conference = Международная научно - техническая конференция / |
| Statement of responsibility, etc |
რედ. კოლეგია: ა. ფრანგიშვილი, ზ. გასიტაშვილი, ლ. კლიმიაშვილი, ნ. წერეთელი, და სხვა |
| 264 ## - წარმოების, გამოცემის, დისტრიბუციის და სხვა ცნობები |
| გამოცემის, წარმოების, დისტრიბუციის... ადგილი |
თბილისი: |
| გამოცემის, წარმოების, დისტრიბუციის... სახელწოდება |
ტექნიკური უნივერსიტეტი, |
| გამოცემის, წარმოების, დისტრიბუციის... თარიღი |
2010. |
| 300 ## - ფიზიკური აღწერა |
| Extent |
346 გვ.: |
| Other physical details |
29 სმ. |
| Dimensions |
ცხრილ., ილუსტრ |
| 653 ## - INDEX TERM--UNCONTROLLED |
| Uncontrolled term |
კონფერენცია "გარემოს დაცვა და მდგრადი განვითარება |
| 653 ## - INDEX TERM--UNCONTROLLED |
| Uncontrolled term |
შრომები |
| 700 ## - ADDED ENTRY--PERSONAL NAME |
| Personal name |
ფრანგიშვილი, ა |
| Relator term |
სარედაქციო კოლეგია |
| 9 (RLIN) |
79 |
| 700 ## - ADDED ENTRY--PERSONAL NAME |
| Personal name |
გასიტაშვილი, ლ |
| Relator term |
სარედაქციო კოლეგია |
| 9 (RLIN) |
14280 |
| 700 ## - ADDED ENTRY--PERSONAL NAME |
| Personal name |
კლიმიაშვილი, ლ |
| Relator term |
სარედაქციო კოლეგია |
| 9 (RLIN) |
14281 |
| 700 ## - ADDED ENTRY--PERSONAL NAME |
| Personal name |
წერეთელი, ნ |
| Relator term |
სარედაქციო კოლეგია |
| 9 (RLIN) |
4551 |
| 710 ## - ADDED ENTRY--CORPORATE NAME |
| Corporate name or jurisdiction name as entry element |
საქართველოს ტექნიკური უნივერსიტეტი |
| 9 (RLIN) |
14282 |
| 942 ## - ADDED ENTRY ELEMENTS (KOHA) |
| Source of classification or shelving scheme |
|
| Koha item type |
წიგნი |